000 00338nam a22001217a 4500
020 _a0071374914
082 _a628.114
_bJAM/WA
100 _aJames B. (Burt)Rishel,P.E
_9687
245 _aWater Pumps and Pumping Systems: Water/Wastewater Treatment Applications
260 _aNew Delhi
_bMcGraw - Hill
_c2002
300 _a1.11
942 _cBK
999 _c14424
_d14424